Madame Campan : educator of women, confidante of queens /

Bibliographic Details
Main Author: Mali, Millicent S.
Format: Book
Language:English
Published: Washington, D.C. : University Press of America, [1979]
Subjects:

MARC

Tag First Indicator Second Indicator Subfields
LEADER 00000cam a2200000 a 4500
001 in00000070629
005 20151008061834.0
008 790731s1979 dcuacf b 00110beng d
010 |a  78065428  
020 |a 0819106623 
035 |a (OCoLC)05226896 
035 |9 AAJ8940AM 
040 |a UUM  |c UUM  |d m.c.  |d TXA  |d UtOrBLW 
049 |a TXAM  |c [1803505] 
090 |a DC146.C13  |b M34 
100 1 |a Mali, Millicent S. 
245 1 0 |a Madame Campan :  |b educator of women, confidante of queens /  |c Millicent S. Mali. 
264 1 |a Washington, D.C. :  |b University Press of America,  |c [1979] 
264 4 |c ©1979 
300 |a vii, 193 pages, 6 unnumbered pages of plates :  |b illustrations, portraits ;  |c 23 cm. 
336 |a text  |b txt  |2 rdacontent 
337 |a unmediated  |b n  |2 rdamedia 
338 |a volume  |b nc  |2 rdacarrier 
500 |a Includes index. 
504 |a Bibliography: pages 185-187. 
600 1 0 |a Campan,  |c Mme  |q (Jeanne-Louise-Henriette),  |d 1752-1822. 
999 |a MARS 
999 f f |s 712b62a5-13b2-38b6-b03a-233c912d2ce8  |i 8f797060-03b6-3505-9dcc-43aa32b489e4  |t 0 
952 f f |p ric  |a Texas A&M University  |b Rellis Campus  |c Joint Library Facility  |d Remote Storage  |t 0  |e DC146.C13 M34  |h Library of Congress classification  |i unmediated -- volume  |m A14806097311 
998 f f |a DC146.C13 M34  |t 0  |l Remote Storage